000 00217 a2200109 4500
020 _a078073002955
041 _aspa
100 _aAruego, Jose Ariane
245 _aCuento de un cocodrilo
942 _cBK
952 _71
999 _c20516
_d20516